Online katalóg knižníc regiónu Turca

Ottova první encyklopedie (Record no. 21543)

MARC details
000 -LEADER
fixed length control field 01537nam a2200493 a 4500
001 - CONTROL NUMBER
control field 21543
003 - CONTROL NUMBER IDENTIFIER
control field CZ PrNK
005 - DATE AND TIME OF LATEST TRANSACTION
control field 20260303164953.0
007 - PHYSICAL DESCRIPTION FIXED FIELD--GENERAL INFORMATION
fixed length control field ta
008 - FIXED-LENGTH DATA ELEMENTS--GENERAL INFORMATION
fixed length control field 080617s2008 xr a a 000 0 cze
015 ## - NATIONAL BIBLIOGRAPHY NUMBER
National bibliography number cnb001807889
020 ## - INTERNATIONAL STANDARD BOOK NUMBER
International Standard Book Number 9788073606077
Qualifying information (váz.)
035 ## - SYSTEM CONTROL NUMBER
System control number (OCoLC)237196497
040 ## - CATALOGING SOURCE
Original cataloging agency ABA001
Language of cataloging cze
041 0# - LANGUAGE CODE
Language code of text/sound track or separate title cze
-- eng
072 #7 - SUBJECT CATEGORY CODE
Subject category code 811.111
Subject category code subdivision Angličtina
Source Konspekt
072 #7 - SUBJECT CATEGORY CODE
Subject category code 0/9-053.2
Subject category code subdivision Literatura pro děti a mládež (naučná)
Source Konspekt
080 ## - UNIVERSAL DECIMAL CLASSIFICATION NUMBER
Universal Decimal Classification number 811.111
Edition identifier MRF
080 ## - UNIVERSAL DECIMAL CLASSIFICATION NUMBER
Universal Decimal Classification number 81'373
Edition identifier MRF
080 ## - UNIVERSAL DECIMAL CLASSIFICATION NUMBER
Universal Decimal Classification number 81'355
Edition identifier MRF
080 ## - UNIVERSAL DECIMAL CLASSIFICATION NUMBER
Universal Decimal Classification number (0.053.2)
Edition identifier MRF
245 00 - TITLE STATEMENT
Title Ottova první encyklopedie
246 18 - VARYING FORM OF TITLE
Title proper/short title Angličtina hrou
260 ## - PUBLICATION, DISTRIBUTION, ETC.
Place of publication, distribution, etc. Praha :
Name of publisher, distributor, etc. Ottovo nakladatelství,
Date of publication, distribution, etc. 2008
300 ## - PHYSICAL DESCRIPTION
Extent [23] s. :
Other physical details vše barev. il. ;
Dimensions 30 cm
490 1# - SERIES STATEMENT
Series statement Ottíkova škola
490 1# - SERIES STATEMENT
Series statement Angličtina hrou
500 ## - GENERAL NOTE
General note Podle anglického vyd.?
500 ## - GENERAL NOTE
General note V kartonových deskách vlepena pub. s kartonovými listy (14 x 20 cm) a zvukový modul
521 8# - TARGET AUDIENCE NOTE
Target audience note Určeno pro děti od 3 let
650 07 - SUBJECT ADDED ENTRY--TOPICAL TERM
Topical term or geographic name entry element angličtina
Source of heading or term czenas
650 07 - SUBJECT ADDED ENTRY--TOPICAL TERM
Topical term or geographic name entry element slovní zásoba
Source of heading or term czenas
650 07 - SUBJECT ADDED ENTRY--TOPICAL TERM
Topical term or geographic name entry element výslovnost
Source of heading or term czenas
650 09 - SUBJECT ADDED ENTRY--TOPICAL TERM
Topical term or geographic name entry element English language
Source of heading or term eczenas
650 09 - SUBJECT ADDED ENTRY--TOPICAL TERM
Topical term or geographic name entry element vocabulary
Source of heading or term eczenas
650 09 - SUBJECT ADDED ENTRY--TOPICAL TERM
Topical term or geographic name entry element pronunciation
Source of heading or term eczenas
655 #7 - INDEX TERM--GENRE/FORM
Genre/form data or focus term publikace pro děti
Source of term czenas
655 #9 - INDEX TERM--GENRE/FORM
Genre/form data or focus term children's literature
Source of term eczenas
830 #0 - SERIES ADDED ENTRY--UNIFORM TITLE
Uniform title Ottíkova škola
830 #0 - SERIES ADDED ENTRY--UNIFORM TITLE
Uniform title Angličtina hrou (Ottovo nakladatelství)
901 ## - LOCAL DATA ELEMENT A, LDA (RLIN)
b 9788073606077
f [1. vyd.]
o 20080829
910 ## - USER-OPTION DATA (OCLC)
User-option data ABA001
942 ## - ADDED ENTRY ELEMENTS (KOHA)
Source of classification or shelving scheme Dewey Decimal Classification
Koha item type Odborná literatúra pre deti
Suppress in OPAC No
Holdings
Stav vyradenia Strata Poškodenie Spôsob nadobudnutia Domovská knižnica Aktuálna knižnica Dátum nadobudnutia Total checkouts Čiarový kód exemplára Date due Date last seen Date last checked out Typ exemplára
      Dar Obecná knižnica Horná Štubňa Obecná knižnica Horná Štubňa 03.03.2026 1 9788073606077 02.04.2026 03.03.2026 03.03.2026 Odborná literatúra pre deti
Projekt je podporený Slovenskou asociáciou knižníc
Prevádzkuje Turčianska knižnica Martin 2026